000 00348nam a22001337a 4500
005 20240705151348.0
008 240705b |||||||| |||| 00| 0 eng d
041 _aeng
100 _aVISHWAKARMA, DR. KAILASH
_98439
245 _aVEDIC GANIT [VIHANGAM DRISTI] 1
260 _aNEW DELHI
_bSHIKSHA SANSKRITI UTTHAN NYAS
300 _a77;P
942 _cBK
999 _c8545
_d8543